<?xml version="1.0" encoding="UTF-8"?>
<record
    xmlns:xsi="http://www.w3.org/2001/XMLSchema-instance"
    xsi:schemaLocation="http://www.loc.gov/MARC21/slim http://www.loc.gov/standards/marcxml/schema/MARC21slim.xsd"
    xmlns="http://www.loc.gov/MARC21/slim">

  <leader>02089    a2200241   4500</leader>
  <controlfield tag="001">49890</controlfield>
  <controlfield tag="005">20260407155759.0</controlfield>
  <controlfield tag="008">260407a2004    arg                 spa d</controlfield>
  <controlfield tag="003">AR-UNSa-BCEJYS</controlfield>
  <datafield tag="040" ind1=" " ind2=" ">
    <subfield code="a">AR-UNSa-BCEJYS</subfield>
    <subfield code="b">spa</subfield>
    <subfield code="c">AR-UNSa-BCEJYS</subfield>
  </datafield>
  <datafield tag="080" ind1=" " ind2=" ">
    <subfield code="a">330.101.542</subfield>
    <subfield code="x">Microeconom&#xED;a</subfield>
  </datafield>
  <datafield tag="245" ind1="1" ind2="0">
    <subfield code="a">Teor&#xED;a microecon&#xF3;mica</subfield>
    <subfield code="p">principios b&#xE1;sicos y ampliaciones</subfield>
  </datafield>
  <datafield tag="020" ind1=" " ind2=" ">
    <subfield code="a">978-84-9732-249-2</subfield>
  </datafield>
  <datafield tag="250" ind1=" " ind2=" ">
    <subfield code="a">8a. ed.</subfield>
  </datafield>
  <datafield tag="264" ind1=" " ind2="1">
    <subfield code="a">Madrid :</subfield>
    <subfield code="b">Thomson</subfield>
    <subfield code="c">2004</subfield>
  </datafield>
  <datafield tag="300" ind1=" " ind2=" ">
    <subfield code="a">xvi, 761 p.</subfield>
    <subfield code="c">26 cm.</subfield>
  </datafield>
  <datafield tag="505" ind1=" " ind2=" ">
    <subfield code="a">Parte I: INTRODUCCI&#xD3;N: 1. Modelos Econ&#xF3;micos &#x2013; 2.  Las matem&#xE1;ticas de la optimizaci&#xF3;n  &#x2013; &#x2013;  Parte II: Elecci&#xF3;n y demanda: 3. Preferencias y utilidad &#x2013; 4.  Maximizaci&#xF3;n de la utilidad y elecci&#xF3;n &#x2013; 5. Efecto rentas y sustituci&#xF3;n &#x2013; 6. Relaciones de demanda entre bienes &#x2013; 7. Demanda de mercado y elasticidad   &#x2013; &#x2013;  Parte III: ELECCI&#xD3;N EN CONDICIONES DE INCERTIDUMBRE: 8. Utilidad esperada y aversi&#xF3;n al riesgo &#x2013; 9. La econom&#xED;a de la informaci&#xF3;n &#x2013; 10. Teor&#xED;a de juegos y equilibrio estrat&#xE9;gico  &#x2013; &#x2013;  Parte IV: PRODUCCI&#xD3;N Y OFERTA: 11. Funciones de producci&#xF3;n &#x2013; 12. Costes &#x2013; 13. Maximizaci&#xF3;n del beneficio y oferta  &#x2013; &#x2013;  Parte V: COMPETENCIA PERFECTA: 14. El modelo de equilibrio parcial competitivo &#x2013; 15. An&#xE1;lisis competitivo aplicado &#x2013; 16. Equilibrio general competitivo &#x2013; 17. La eficiencia de la competencia perfecta  &#x2013; &#x2013; Parte VI: MODELOS DE COMPETENCIA IMPERFECTA: 18. Modelos de monopolio &#x2013; 19. Modelos tradicionales de competencia imperfecta &#x2013; 20. Modelos de fijaci&#xF3;n de precios seg&#xFA;n la teor&#xED;a de juegos  &#x2013; &#x2013;  Parte VII: FIJACI&#xD3;N DE PRECIOS EN LOS MERCADOS DE FACTORES: 21. Demandas de factores por parte de las empresas &#x2013; 22. Oferta de trabajo &#x2013; 23. Capital  &#x2013; &#x2013;  Parte VIII: L&#xCD;MITES DEL MERCADO: 24. Externalidades y bienes p&#xFA;blicos &#x2013; 25. Econom&#xED;a pol&#xED;tica.

</subfield>
  </datafield>
  <datafield tag="041" ind1=" " ind2=" ">
    <subfield code="a">spa</subfield>
  </datafield>
  <datafield tag="942" ind1=" " ind2=" ">
    <subfield code="c">BK</subfield>
  </datafield>
  <datafield tag="590" ind1=" " ind2=" ">
    <subfield code="a">niveau_biblio:m niveau_hierar:0</subfield>
  </datafield>
  <datafield tag="100" ind1="1" ind2=" ">
    <subfield code="a">Nicholson, Walter</subfield>
  </datafield>
  <datafield tag="856" ind1="4" ind2="1">
    <subfield code="u">https://www.biblioeco.unsa.edu.ar/pmb/images/libros/L128214.jpg</subfield>
    <subfield code="y">Imagen de portada</subfield>
    <subfield code="q">image/jpeg</subfield>
  </datafield>
  <datafield tag="999" ind1=" " ind2=" ">
    <subfield code="c">4904</subfield>
    <subfield code="d">4904</subfield>
  </datafield>
  <datafield tag="952" ind1=" " ind2=" ">
    <subfield code="0">0</subfield>
    <subfield code="1">0</subfield>
    <subfield code="4">0</subfield>
    <subfield code="7">0</subfield>
    <subfield code="a">BCEJYS</subfield>
    <subfield code="b">BCEJYS</subfield>
    <subfield code="c">16</subfield>
    <subfield code="d">2026-04-07</subfield>
    <subfield code="l">0</subfield>
    <subfield code="o">330.101.542 N594 8ed.</subfield>
    <subfield code="p">L128214</subfield>
    <subfield code="r">2026-04-07 15:57:59</subfield>
    <subfield code="w">2026-04-07</subfield>
    <subfield code="y">L</subfield>
  </datafield>
</record>
